000 00689nam a2200229Ii 4500
003 JO-AjNU
008 230605s9999||||xx |||||||||||||| ||und||
017 _a1997/5910
020 _a977-01-5211-0
040 _aJO-AjNU
_bara
_erda
_cJO-AjNU
041 _aara
050 1 4 _aDS247 2002
100 3 _aسليمان، مصطفى محمود,
_eauthor
_915717
245 0 0 _aرحلة في أرض سبآ
250 _aط1
264 3 1 _aالقاهرة: الهيئة المصرية العامة للكتاب، 1997
300 _a290ص
336 _atext
_btxt
_2rdacontent
337 _aunmediated
_bn
_2rdamedia
338 _avolume
_bnc
_2rdacarrier
650 4 _aاليمن-تاريخ
_915718
999 _aA4503
_c8071
_d8071